Growth and yield performance of some exotic clones of Hevea brasiliensis in North Kerala region (Record no. 49574)

MARC details
000 -LEADER
fixed length control field 00635nam a2200169Ia 4500
100 ## - MAIN ENTRY--AUTHOR NAME
Personal name Lakshmanan R
245 #0 - TITLE STATEMENT
Title Growth and yield performance of some exotic clones of Hevea brasiliensis in North Kerala region
260 ## - PUBLICATION, DISTRIBUTION, ETC. (IMPRINT)
Name of publisher IRC 2012. International Rubber Conference, 28-31 October 2012, Kovalam, India, Rubber Research Institute of India, Kottayam and IRRDB, Malaysia: Abstracts. p.58
650 ## - SUBJECT ADDED ENTRY--TOPICAL TERM
Topical Term Exotic clones
650 ## - SUBJECT ADDED ENTRY--TOPICAL TERM
Topical Term Growth performance
650 ## - SUBJECT ADDED ENTRY--TOPICAL TERM
Topical Term Yield performance
700 ## - ADDED ENTRY--PERSONAL NAME
Personal name Chandrasekhar T R
700 ## - ADDED ENTRY--PERSONAL NAME
Personal name Meenakumari T
700 ## - ADDED ENTRY--PERSONAL NAME
Personal name Nazeer M A
942 ## - ADDED ENTRY ELEMENTS (KOHA)
Koha item type Bibliography STAF
Holdings
Withdrawn status Lost status Damaged status Not for loan Home library Current library Shelving location Date acquired Koha item type
      Bibliography RRII Library RRII Library Crop imporvement 15/04/2003 Bibliography STAF